ბათუმის შოთა რუსთაველის სახელმწიფო უნივერსიტეტის ბიბლიოთეკა

ლექსები, პოემა, წერილები / (ბიბ.ჩანაწერი № 57033)

000 -ლიდერი
ფიქსირებული სიგრძის საკონტროლო ველი 00696nam a22001697a 4500
003 - საკონტროლო ნომრის იდენტიფიკატორი
საკონტროლო ველი Ge_BSU
005 - ბოლო ოპერაციის თარიღი და დრო
საკონტროლო ველი 20191024102749.0
008 - ფიქსირებული სიგრძის მონაცემთა ელემენტები - ზოგადი ინფორმაცია
ფიქსირებული სიგრძის საკონტროლო ველი 191024b1939 ge ||||| |||| 00| 0 ge d
041 ## - ენის კოდი
Language code of text/sound track or separate title geo
080 ## - უნივერსალური ათობითი კლასიფიკაციის ინდექსი
Universal Decimal Classification number 821.353.1-1 ბ-25
100 ## - მთავარი ჩანაწერი - პიროვნების სახელი
Relator code ბარათაშვილი, ნიკოლოზ
245 ## - ცნობა სათაურის შესახებ
Title ლექსები, პოემა, წერილები /
Statement of responsibility, etc ნიკოლოზ ბარათაშვილი ; რედ. პ. ინგოროყვა.
264 ## - წარმოების, გამოცემის, დისტრიბუციის და სხვა ცნობები
გამოცემის, წარმოების, დისტრიბუციის... ადგილი თბილისი :
გამოცემის, წარმოების, დისტრიბუციის... სახელწოდება ფედერაცია
გამოცემის, წარმოების, დისტრიბუციის... თარიღი 1939.
300 ## - ფიზიკური აღწერა
Extent 175 გვ. ;
Dimensions 21 სმ.
700 ## - ADDED ENTRY--PERSONAL NAME
Personal name ინგოროვა, პ.
Relator term რედაქტორი
9 (RLIN) 4972
942 ## - ADDED ENTRY ELEMENTS (KOHA)
Source of classification or shelving scheme
Koha item type წიგნი
ეგზემპლარები
ჩამოწერის სტატუსი დაკარგული ეგზემპლარის სტატუსი კლასიფიკაციის წყარო ან თაროზე გაწყობის სქემა დაზიანების სტატუსი არ გაიცემა მუდმივი მდებარეობა (დაცვის ადგილი) ამჟამინდელი ადგილსამყოფელი თაროზე განთავსების ადგილი შეძენის თარიღი ღირებულება, შესყიდვის ნორმალური ფასი სრული შენახვის შიფრი შტრიხკოდი ბოლო ოპერაციის თარიღი ეგზემპლარის მიმდევრობითი ნომერი (კეტერი?) ფასის ძალაში შესვლის თარიღი ეგზემპლარის სახეობა საჯარო შენიშვნა
          ბათუმის შოთა რუსთაველის სახელმწიფო უნივერსიტეტის მთავარი ბიბლიოთეკა ბათუმის შოთა რუსთაველის სახელმწიფო უნივერსიტეტის მთავარი ბიბლიოთეკა წიგნსაცავი 2019-10-24 3.60 821.353.1-1 ბ-25 14199 2019-10-24 14199 2019-10-24 წიგნი 3.60 ლ.
          ბათუმის შოთა რუსთაველის სახელმწიფო უნივერსიტეტის მთავარი ბიბლიოთეკა ბათუმის შოთა რუსთაველის სახელმწიფო უნივერსიტეტის მთავარი ბიბლიოთეკა წიგნსაცავი 2019-10-24 3.36 821.353.1-1 ბ-25 14206 2019-10-24 14206 2019-10-24 წიგნი 3.36 ლ.